000
00312nam a2200145Ia 4500
100
_a
Smith/ Roderick W
942
_c
RB
654
_a
linux
245
_a
Linux : Networking for your Office
260
_b
Techmedia
_c
2000
082
_a
005.133'L'
_b
SMI
300
_a
618
546
_a
ENGLISH
999
_c
25657
_d
25657